Surface Contamination : Genesis, Detection, and Control /

Bibliographic Details
Main Author: Mittal, K. L.
Corporate Author: SpringerLink (Online service)
Format: eBook
Language:English
Published: Boston, MA : Springer US, 1979.
Subjects:
Online Access:Connect to the full text of this electronic book

MARC

Tag First Indicator Second Indicator Subfields
LEADER 00000cam a2200000Ma 4500
001 in00003547749
006 m o d
007 cr nn|||||||||
008 121227s1979 mau o 000 0 eng d
005 20260423141554.3
020 |a 9781468435061 (electronic bk.) 
020 |a 146843506X (electronic bk.) 
020 |z 146843506X 
035 |a (OCoLC)840288239 
040 |a I9W  |b eng  |e pn  |c I9W  |d UV0  |d OCLCQ  |d OCLCO  |d GW5XE  |d OCLCQ  |d OCLCF  |d UtOrBLW 
049 |a TXAM 
050 4 |a QD450-882 
082 0 4 |a 541  |2 23 
100 1 |a Mittal, K. L. 
245 1 0 |a Surface Contamination :  |b Genesis, Detection, and Control /  |c edited by K.L. Mittal. 
264 1 |a Boston, MA :  |b Springer US,  |c 1979. 
300 |a 1 online resource. 
336 |a text  |b txt  |2 rdacontent 
337 |a computer  |b c  |2 rdamedia 
338 |a online resource  |b cr  |2 rdacarrier 
500 |a Electronic resource. 
650 0 |a Chemistry. 
650 0 |a Physical organic chemistry. 
650 7 |a Chemistry.  |2 fast  |0 (OCoLC)fst00853344 
650 7 |a Physical organic chemistry.  |2 fast  |0 (OCoLC)fst01715687 
655 7 |a Electronic books.  |2 local 
710 2 |a SpringerLink (Online service) 
856 4 0 |u http://proxy.library.tamu.edu/login?url=https://link.springer.com/10.1007/978-1-4684-3506-1  |z Connect to the full text of this electronic book  |t 0 
994 |a 92  |b TXA 
999 |a MARS 
999 f f |s c29a44b5-f28a-3f51-a43a-d77baa8f2162  |i f980143a-834b-36f3-b5d5-9a195e86b4b8  |t 0 
952 f f |a Texas A&M University  |b College Station  |c Electronic Resources  |s www_evans  |d Available Online  |t 0  |e QD450-882  |h Library of Congress classification 
998 f f |a QD450-882  |t 0  |l Available Online